College Football Color-Swap: Sun Belt - Statistics

General Stats
  • This quiz has been taken 26 times
  • The average score is 13 of 14
Answer Stats
Question Answer % Correct
Choose the correct logo:
100%
Choose the correct logo:
100%
Choose the correct logo:
100%
Choose the correct logo:
100%
Choose the correct logo:
100%
Choose the correct logo:
94%
Choose the correct logo:
94%
Choose the correct logo:
94%
Choose the correct logo:
94%
Choose the correct logo:
89%
Choose the correct logo:
89%
Choose the correct logo:
89%
Choose the correct logo:
89%
Choose the correct logo:
89%
No matching quizzes found
Score Distribution
Percent of People with Each Score
Percentile by Number Answered
Your Score History
You have not taken this quiz